000 00531nam a2200157 4500
999 _c511892
_d511892
008 191021b ||||| |||| 00| 0 eng d
100 _aMarette, S.
_912347
245 _aImproving nutritional quality of consumers' food purchases with traffic-lights labels: An experimental analysis
260 _bJournal of Consumer Policy
300 _a42(3), Sep, 2019: p.377-395.
700 _aNabec, L.
_912348
700 _aDurieux, F.
_912349
773 _aJournal of Consumer Policy
906 _aConsumer behaviour
942 _2ddc
_cAR